000
00204nam a22000857a 4500
008
170104b xxu||||| |||| 00| 0 eng d
100
_9
2267
_a
Rangan.K.A
245
_a
Mathematics
260
_a
New Delhi
_b
N P
_c
2010
999
_c
5154
_d
5154